[Event "MP do lat 18 - dziewczeta"]
[Site "Sypniewo"]
[Date "2022.03.19"]
[Round "1.18"]
[White "Nowak, Roksana"]
[Black "Bychowska, Marta"]
[Result "1-0"]
[BlackElo "1374"]
[WhiteElo "1669"]
[LiveChessVersion "1.4.8"]

1. e4 d5 2. exd5 {[%clk 1:31:20]} Qxd5 {[%clk 1:31:20]} 3. d4 {[%clk 1:30:22]}
Nf6 {[%clk 1:31:39]} 4. Nc3 {[%clk 1:30:42]} Qd8 {[%clk 1:32:03]} 5. Nf3
{[%clk 1:30:41]} c6 {[%clk 1:32:24]} 6. Bc4 {[%clk 1:29:57]} Bf5 {[%clk 1:32:22]}
7. Bf4 {[%clk 1:23:09]} e6 {[%clk 1:32:18]} 8. O-O {[%clk 1:21:57]} Bd6
{[%clk 1:29:51]} 9. Bxd6 {[%clk 1:06:49]} Qxd6 {[%clk 1:30:06]} 10. Ne2
{[%clk 1:01:07]} b5 {[%clk 1:25:09]} 11. Bd3 {[%clk 1:01:34]} Bxd3
{[%clk 1:18:42]} 12. Qxd3 {[%clk 1:01:34]} Nbd7 {[%clk 1:18:09]} 13. Ng3
{[%clk 1:00:25]} O-O {[%clk 1:16:10]} 14. Rfe1 {[%clk 0:58:28]} a6
{[%clk 1:15:30]} 15. Ne4 {[%clk 0:47:32]} Nxe4 {[%clk 1:15:10]} 16. Rxe4
{[%clk 0:46:52]} Rfd8 {[%clk 1:13:07]} 17. Rh4 {[%clk 0:39:33]} h6
{[%clk 1:10:59]} 18. Re1 {[%clk 0:34:01]} Nf6 {[%clk 1:05:17]} 19. g4
{[%clk 0:30:32]} c5 {[%clk 0:54:10]} 20. g5 {[%clk 0:28:14]} hxg5
{[%clk 0:49:33]} 21. Nxg5 {[%clk 0:28:25]} cxd4 {[%clk 0:44:57]} 22. Rh8+
{[%clk 0:25:04]} Kxh8 {[%clk 0:45:13]} 23. Nxf7+ {[%clk 0:25:30]} Kg8
{[%clk 0:45:32]} 24. Nxd6 {[%clk 0:25:24]} Rxd6 {[%clk 0:45:55]} 25. Kh1
{[%clk 0:23:30]} Kf7 {[%clk 0:45:18]} 26. Qg3 {[%clk 0:21:17]} Rd7
{[%clk 0:43:31]} 27. f4 {[%clk 0:18:20]} Rad8 {[%clk 0:41:53]} 28. Qh3
{[%clk 0:16:38]} Re7 {[%clk 0:39:30]} 29. Qa3 {[%clk 0:16:35]} Ra7
{[%clk 0:38:37]} 30. Qc5 {[%clk 0:16:42]} Rad7 {[%clk 0:38:41]} 31. f5
{[%clk 0:13:40]} exf5 {[%clk 0:36:34]} 32. Qxf5 {[%clk 0:14:08]} Rd6
{[%clk 0:34:48]} 33. h4 {[%clk 0:08:44]} Rh8 {[%clk 0:27:00]} 34. Qf4
{[%clk 0:08:04]} Rd5 {[%clk 0:25:37]} 35. Kg2 {[%clk 0:05:02]} Rhh5
{[%clk 0:16:53]} 36. Qc7+ {[%clk 0:03:35]} Kg8 {[%clk 0:14:46]} 37. Re7
{[%clk 0:03:15]} Rxh4 {[%clk 0:14:03]} 38. Rxg7+ {[%clk 0:03:21]} Kh8
{[%clk 0:14:29]} 39. Rg6 {[%clk 0:01:18]} 1-0

[Event "MP do lat 18 - dziewczeta"]
[Site "Sypniewo"]
[Date "2022.03.19"]
[Round "1.19"]
[White "Reszka, Zofia"]
[Black "Anyz, Monika"]
[Result "0-1"]
[BlackElo "1651"]
[WhiteElo "1328"]
[LiveChessVersion "1.4.8"]

1. e4 {[%clk 1:30:56]} c5 {[%clk 1:30:55]} 2. c3 {[%clk 1:31:14]} Nf6
{[%clk 1:31:19]} 3. e5 {[%clk 1:31:30]} Nd5 {[%clk 1:31:43]} 4. d4
{[%clk 1:31:41]} cxd4 {[%clk 1:32:06]} 5. Nf3 {[%clk 1:31:56]} Nc6
{[%clk 1:32:17]} 6. Bc4 {[%clk 1:31:11]} e6 {[%clk 1:31:55]} 7. cxd4
{[%clk 1:28:28]} d6 {[%clk 1:31:18]} 8. O-O {[%clk 1:27:06]} Be7 {[%clk 1:30:30]}
9. a3 {[%clk 1:24:44]} O-O {[%clk 1:29:11]} 10. Re1 {[%clk 1:22:52]} a6
{[%clk 1:23:54]} 11. Nc3 {[%clk 1:20:23]} Nxc3 {[%clk 1:21:53]} 12. bxc3
{[%clk 1:20:39]} dxe5 {[%clk 1:17:54]} 13. Nxe5 {[%clk 1:19:15]} Nxe5
{[%clk 1:17:58]} 14. Rxe5 {[%clk 1:19:16]} Qc7 {[%clk 1:15:36]} 15. Qd3
{[%clk 1:17:25]} b5 {[%clk 1:13:29]} 16. Bb3 {[%clk 1:15:47]} Bb7
{[%clk 1:12:17]} 17. Rh5 {[%clk 1:13:58]} g6 {[%clk 1:06:52]} 18. Rh6
{[%clk 1:12:20]} Kg7 {[%clk 1:03:50]} 19. a4 {[%clk 1:02:26]} Rac8
{[%clk 0:54:31]} 20. Bd2 {[%clk 0:59:22]} Qc6 {[%clk 0:39:01]} 21. Qh3
{[%clk 0:56:29]} Rh8 {[%clk 0:37:43]} 22. axb5 {[%clk 0:53:17]} axb5
{[%clk 0:35:40]} 23. Re1 {[%clk 0:49:52]} Bf6 {[%clk 0:30:04]} 24. Qg3
{[%clk 0:46:57]} Ra8 {[%clk 0:19:30]} 25. Rh3 {[%clk 0:44:35]} h5
{[%clk 0:17:43]} 26. Bd1 {[%clk 0:41:19]} Qd5 {[%clk 0:10:05]} 27. Bf3
{[%clk 0:39:33]} Qa2 {[%clk 0:08:51]} 28. Bg5 {[%clk 0:36:32]} Bxg5
{[%clk 0:02:36]} 29. Qxg5 {[%clk 0:35:15]} Bxf3 30. Rxf3 {[%clk 0:35:22]} Rhf8
{[%clk 0:01:54]} 31. Qxb5 {[%clk 0:33:31]} Ra5 {[%clk 0:01:22]} 32. Qd3
{[%clk 0:31:42]} Ra3 {[%clk 0:01:10]} 33. Qe3 {[%clk 0:28:13]} Ra5
{[%clk 0:00:53]} 34. h3 {[%clk 0:26:54]} Qc4 {[%clk 0:01:07]} 35. g4
{[%clk 0:25:56]} hxg4 {[%clk 0:01:04]} 36. hxg4 {[%clk 0:26:07]} Rh8
{[%clk 0:01:01]} 37. Qf4 {[%clk 0:24:39]} f5 {[%clk 0:00:51]} 38. Qg5
{[%clk 0:21:50]} Qc7 {[%clk 0:00:42]} 39. Qf4 {[%clk 0:16:26]} Qc6
{[%clk 0:00:40]} 40. g5 {[%clk 0:45:29]} Rh5 {[%clk 0:30:44]} 41. Qe3
{[%clk 0:44:57]} f4 {[%clk 0:25:59]} 42. Qe4 {[%clk 0:39:47]} Raxg5+
{[%clk 0:25:10]} 43. Kf1 {[%clk 0:39:56]} Rh1+ {[%clk 0:25:32]} 44. Ke2
{[%clk 0:40:16]} Qxe4+ {[%clk 0:25:54]} 0-1

[Event "MP do lat 18 - dziewczeta"]
[Site "Sypniewo"]
[Date "2022.03.20"]
[Round "2.1"]
[White "Wikar, Martyna"]
[Black "Pisarek, Elzbieta"]
[Result "1-0"]
[BlackElo "1704"]
[WhiteElo "2160"]
[LiveChessVersion "1.4.8"]

1. e4 {[%clk 1:30:57]} c5 {[%clk 1:30:55]} 2. Nf3 {[%clk 1:31:21]} e6
{[%clk 1:31:22]} 3. d4 {[%clk 1:31:42]} cxd4 {[%clk 1:31:46]} 4. Nxd4
{[%clk 1:32:06]} Nf6 {[%clk 1:32:12]} 5. Nc3 {[%clk 1:32:29]} Nc6
{[%clk 1:32:33]} 6. Ndb5 {[%clk 1:32:50]} Bb4 {[%clk 1:32:38]} 7. Bf4
{[%clk 1:33:12]} Nxe4 {[%clk 1:30:18]} 8. Qf3 {[%clk 1:33:36]} d5
{[%clk 1:30:09]} 9. O-O-O {[%clk 1:33:50]} Bxc3 {[%clk 1:21:12]} 10. Nc7+
{[%clk 1:33:57]} Kf8 {[%clk 1:19:21]} 11. bxc3 {[%clk 1:34:11]} Qe7
{[%clk 0:40:02]} 12. c4 {[%clk 1:34:06]} Qb4 {[%clk 0:35:38]} 13. Nxa8
{[%clk 1:25:49]} Qa4 {[%clk 0:25:40]} 14. Qb3 {[%clk 1:22:48]} Qxb3
{[%clk 0:24:24]} 15. axb3 {[%clk 1:22:33]} Nxf2 {[%clk 0:23:49]} 16. cxd5
{[%clk 1:22:15]} exd5 {[%clk 0:23:17]} 17. Bb5 {[%clk 1:21:36]} Nxh1
{[%clk 0:22:26]} 18. Rxh1 {[%clk 1:21:35]} Be6 {[%clk 0:19:50]} 19. Nc7
{[%clk 1:20:35]} Ke7 {[%clk 0:18:21]} 20. Re1 {[%clk 1:19:54]} Kf6
{[%clk 0:16:14]} 21. Kd2 {[%clk 1:18:08]} Rc8 {[%clk 0:13:32]} 22. Bxc6
{[%clk 1:16:40]} bxc6 {[%clk 0:13:50]} 23. Nxe6 {[%clk 1:16:41]} fxe6
{[%clk 0:14:06]} 24. Be5+ {[%clk 1:16:51]} Kf5 {[%clk 0:08:05]} 25. Bxg7
{[%clk 1:16:07]} c5 {[%clk 0:04:50]} 26. Rf1+ {[%clk 1:15:48]} Kg6
{[%clk 0:04:28]} 27. Be5 {[%clk 1:15:29]} Rc6 {[%clk 0:03:43]} 28. h4
{[%clk 1:14:42]} h5 {[%clk 0:03:28]} 29. Rf6+ {[%clk 1:14:37]} Kh7
{[%clk 0:03:51]} 30. Ke3 {[%clk 1:14:33]} a5 {[%clk 0:03:18]} 31. Kf4
{[%clk 1:10:47]} c4 {[%clk 0:03:13]} 32. Kg5 {[%clk 1:10:27]} cxb3
{[%clk 0:03:09]} 33. cxb3 {[%clk 1:10:34]} Rc2 {[%clk 0:02:58]} 34. g3
{[%clk 1:10:41]} Re2 {[%clk 0:02:27]} 35. Rh6+ {[%clk 1:10:17]} Kg8
{[%clk 0:02:48]} 36. Kf6 {[%clk 1:10:28]} Rf2+ {[%clk 0:02:29]} 37. Kxe6
{[%clk 1:10:47]} Rf3 {[%clk 0:02:35]} 38. Rh8# {[%clk 1:11:11]} 1-0

[Event "MP do lat 18 - dziewczeta"]
[Site "Sypniewo"]
[Date "2022.03.20"]
[Round "2.2"]
[White "Mirowska, Oliwia"]
[Black "Goraj, Barbara"]
[Result "1-0"]
[BlackElo "2078"]
[WhiteElo "1738"]
[LiveChessVersion "1.4.8"]

1. d4 {[%clk 1:30:54]} Nf6 {[%clk 1:30:33]} 2. Nf3 {[%clk 1:31:14]} d5
{[%clk 1:29:35]} 3. Bf4 {[%clk 1:30:55]} c5 {[%clk 1:27:14]} 4. c3
{[%clk 1:28:02]} Qb6 {[%clk 1:25:29]} 5. Qb3 {[%clk 1:26:36]} c4 {[%clk 1:20:26]}
6. Qc2 {[%clk 1:26:59]} Nc6 {[%clk 1:19:12]} 7. Nbd2 {[%clk 1:25:41]} g6
{[%clk 1:15:05]} 8. e4 {[%clk 1:20:15]} Nxe4 {[%clk 0:59:16]} 9. Nxe4
{[%clk 1:19:06]} dxe4 {[%clk 0:54:47]} 10. Ng5 {[%clk 1:14:49]} Na5
{[%clk 0:50:36]} 11. Nxe4 {[%clk 1:06:46]} Bg7 {[%clk 0:50:23]} 12. Be2
{[%clk 1:03:02]} Bf5 {[%clk 0:48:28]} 13. f3 {[%clk 1:01:27]} O-O
{[%clk 0:47:24]} 14. g4 {[%clk 0:58:27]} Bxe4 {[%clk 0:45:11]} 15. fxe4
{[%clk 0:57:33]} e5 {[%clk 0:44:23]} 16. dxe5 {[%clk 0:54:22]} Rad8
{[%clk 0:42:08]} 17. Rd1 {[%clk 0:46:54]} Qc5 {[%clk 0:38:22]} 18. Qc1
{[%clk 0:43:29]} Nc6 {[%clk 0:31:45]} 19. Qe3 {[%clk 0:42:08]} Rxd1+
{[%clk 0:31:40]} 20. Kxd1 {[%clk 0:41:38]} Qb5 {[%clk 0:25:28]} 21. Kc2
{[%clk 0:40:27]} Rc8 {[%clk 0:23:25]} 22. Rd1 {[%clk 0:36:13]} Qa4+
{[%clk 0:19:32]} 23. Kb1 {[%clk 0:35:24]} b5 {[%clk 0:19:02]} 24. a3
{[%clk 0:25:11]} b4 {[%clk 0:15:53]} 25. axb4 {[%clk 0:23:15]} a5
{[%clk 0:14:03]} 26. b5 {[%clk 0:16:59]} Qxb5 {[%clk 0:13:25]} 27. Rd5
{[%clk 0:17:01]} Qb3 {[%clk 0:10:36]} 28. Qc5 {[%clk 0:12:08]} Rb8
{[%clk 0:07:48]} 29. Bc1 {[%clk 0:12:22]} Qb7 {[%clk 0:05:16]} 30. Bxc4
{[%clk 0:08:03]} Ne7 {[%clk 0:04:57]} 31. Rd3 {[%clk 0:06:36]} Bf8
{[%clk 0:02:54]} 32. Qf2 {[%clk 0:05:41]} Nc6 {[%clk 0:01:24]} 33. Bd5
{[%clk 0:02:19]} Re8 {[%clk 0:00:34]} 34. Qf6 {[%clk 0:02:10]} Rc8
{[%clk 0:00:33]} 35. e6 {[%clk 0:02:10]} Bg7 {[%clk 0:00:38]} 36. exf7+
{[%clk 0:01:06]} Kf8 {[%clk 0:00:33]} 37. Qd6+ {[%clk 0:01:23]} Qe7
{[%clk 0:00:55]} 38. Bxc6 {[%clk 0:01:31]} 1-0

[Event "MP do lat 18 - dziewczeta"]
[Site "Sypniewo"]
[Date "2022.03.20"]
[Round "2.3"]
[White "Dylag, Emilia"]
[Black "Krzyzosiak, Marta"]
[Result "1-0"]
[BlackElo "1698"]
[WhiteElo "2003"]
[LiveChessVersion "1.4.8"]

1. d4 {[%clk 1:30:57]} Nf6 {[%clk 1:30:48]} 2. c4 {[%clk 1:31:19]} e6
{[%clk 1:31:07]} 3. Nf3 {[%clk 1:30:55]} b6 {[%clk 1:31:12]} 4. g3
{[%clk 1:30:13]} Ba6 {[%clk 1:30:58]} 5. Qc2 {[%clk 1:26:34]} c5 {[%clk 1:30:07]}
6. Bg2 {[%clk 1:24:12]} Nc6 {[%clk 1:26:06]} 7. Qa4 {[%clk 1:19:07]} Bb7
{[%clk 1:25:42]} 8. dxc5 {[%clk 1:17:42]} Bxc5 {[%clk 1:22:59]} 9. O-O
{[%clk 1:17:30]} O-O {[%clk 1:17:01]} 10. a3 {[%clk 1:15:24]} a5 {[%clk 1:02:56]}
11. Nc3 {[%clk 1:12:09]} Qe7 {[%clk 0:53:59]} 12. Bg5 {[%clk 0:58:26]} h6
{[%clk 0:46:58]} 13. Bxf6 {[%clk 0:58:26]} Qxf6 {[%clk 0:45:55]} 14. Ne4
{[%clk 0:56:25]} Qe7 {[%clk 0:42:33]} 15. Rfd1 {[%clk 0:55:20]} Rfd8
{[%clk 0:28:29]} 16. Nc3 {[%clk 0:51:14]} Rac8 {[%clk 0:22:48]} 17. e3
{[%clk 0:48:26]} Na7 {[%clk 0:03:20]} 18. Ne5 {[%clk 0:32:56]} Bxg2
{[%clk 0:03:09]} 19. Kxg2 {[%clk 0:33:06]} Nc6 {[%clk 0:03:00]} 20. Nf3
{[%clk 0:31:34]} Bd6 {[%clk 0:01:21]} 21. Qb5 {[%clk 0:29:37]} Bc5
{[%clk 0:01:17]} 22. Rd2 {[%clk 0:29:07]} d6 {[%clk 0:00:43]} 23. Rad1
{[%clk 0:23:14]} Ne5 {[%clk 0:00:45]} 24. Nxe5 {[%clk 0:14:47]} dxe5
{[%clk 0:01:10]} 25. Rd7 {[%clk 0:09:52]} Rxd7 {[%clk 0:01:16]} 26. Rxd7
{[%clk 0:09:28]} Qf6 {[%clk 0:01:06]} 27. b4 {[%clk 0:08:06]} axb4
{[%clk 0:00:54]} 28. axb4 {[%clk 0:08:32]} Bf8 {[%clk 0:00:58]} 29. Ne4
{[%clk 0:07:43]} Qg6 {[%clk 0:00:57]} 30. f3 {[%clk 0:07:46]} f5 {[%clk 0:00:55]}
31. Nd6 {[%clk 0:06:22]} Bxd6 {[%clk 0:01:02]} 32. Rxd6 {[%clk 0:06:44]} e4
{[%clk 0:01:09]} 33. Rxb6 {[%clk 0:04:36]} exf3+ {[%clk 0:01:16]} 34. Kf2
{[%clk 0:04:36]} f4 {[%clk 0:01:14]} 35. Kxf3 {[%clk 0:02:09]} fxe3
{[%clk 0:00:51]} 36. Kxe3 {[%clk 0:01:18]} Qf6 {[%clk 0:00:43]} 37. Qd7
{[%clk 0:00:47]} Qc3+ {[%clk 0:00:41]} 38. Qd3 {[%clk 0:00:37]} Qxc4
{[%clk 0:00:35]} 39. Qxc4 {[%clk 0:00:37]} Rxc4 {[%clk 0:01:00]} 40. Kd3
{[%clk 0:30:55]} Rc1 {[%clk 0:30:39]} 41. Rxe6 {[%clk 0:30:56]} Rb1
{[%clk 0:30:51]} 42. Kc4 {[%clk 0:30:41]} Kf7 {[%clk 0:30:42]} 43. Re2
{[%clk 0:30:55]} Kf6 {[%clk 0:30:54]} 44. Kc5 {[%clk 0:31:07]} g5
{[%clk 0:30:15]} 45. b5 {[%clk 0:31:30]} h5 {[%clk 0:30:07]} 46. Kc6
{[%clk 0:31:46]} h4 {[%clk 0:29:33]} 47. gxh4 {[%clk 0:31:01]} gxh4
{[%clk 0:29:57]} 48. b6 {[%clk 0:31:15]} Rc1+ {[%clk 0:28:41]} 49. Kd7
{[%clk 0:31:33]} Rb1 {[%clk 0:28:53]} 50. Kc7 {[%clk 0:31:58]} Rc1+
{[%clk 0:29:00]} 51. Kb8 {[%clk 0:32:21]} Kf5 {[%clk 0:28:06]} 52. b7
{[%clk 0:31:47]} Kg4 {[%clk 0:27:31]} 53. Rb2 {[%clk 0:31:45]} Rf1
{[%clk 0:26:15]} 54. Ka7 {[%clk 0:32:02]} Rf7 {[%clk 0:26:31]} 55. Ka8
{[%clk 0:32:14]} 1-0

[Event "MP do lat 18 - dziewczeta"]
[Site "Sypniewo"]
[Date "2022.03.20"]
[Round "2.4"]
[White "Sloniewska, Alicja"]
[Black "Adamczyk, Zuzanna"]
[Result "1-0"]
[BlackElo "1889"]
[WhiteElo "1700"]
[LiveChessVersion "1.4.8"]

1. d4 {[%clk 1:30:56]} f5 {[%clk 1:30:53]} 2. c4 {[%clk 1:31:05]} Nf6
{[%clk 1:31:05]} 3. Nc3 {[%clk 1:30:57]} g6 {[%clk 1:31:22]} 4. Nf3
{[%clk 1:30:41]} Bg7 {[%clk 1:31:15]} 5. g3 {[%clk 1:30:38]} d6 {[%clk 1:31:35]}
6. Bg2 {[%clk 1:30:48]} O-O {[%clk 1:31:48]} 7. O-O {[%clk 1:30:43]} Qe8
{[%clk 1:32:03]} 8. d5 {[%clk 1:30:42]} Na6 {[%clk 1:31:10]} 9. Rb1
{[%clk 1:29:17]} Nc5 {[%clk 1:22:50]} 10. Be3 {[%clk 1:28:03]} h6
{[%clk 0:55:57]} 11. b4 {[%clk 1:15:31]} Nce4 {[%clk 0:50:35]} 12. Bd4
{[%clk 1:14:29]} e5 {[%clk 0:41:31]} 13. dxe6 {[%clk 1:13:18]} Bxe6
{[%clk 0:40:49]} 14. Nxe4 {[%clk 1:10:11]} fxe4 {[%clk 0:38:14]} 15. Nd2
{[%clk 1:09:54]} Bf5 {[%clk 0:35:24]} 16. Rb3 {[%clk 1:07:19]} Qe7
{[%clk 0:28:39]} 17. Bxf6 {[%clk 0:55:27]} Bxf6 {[%clk 0:26:26]} 18. Bxe4
{[%clk 0:52:27]} Bxe4 {[%clk 0:20:58]} 19. Re3 {[%clk 0:52:12]} d5
{[%clk 0:19:37]} 20. cxd5 {[%clk 0:51:38]} Qxb4 {[%clk 0:19:30]} 21. Nxe4
{[%clk 0:48:51]} Bd4 {[%clk 0:15:25]} 22. Rb3 {[%clk 0:46:10]} Qc4
{[%clk 0:11:01]} 23. Qd3 {[%clk 0:40:28]} Qxd3 {[%clk 0:04:29]} 24. Rxd3
{[%clk 0:40:38]} Bb6 {[%clk 0:04:36]} 25. e3 {[%clk 0:39:43]} Rad8
{[%clk 0:03:38]} 26. Rfd1 {[%clk 0:39:32]} Rf7 {[%clk 0:03:53]} 27. Kg2
{[%clk 0:37:59]} Kg7 {[%clk 0:02:41]} 28. f3 {[%clk 0:35:18]} Rdf8
{[%clk 0:02:09]} 29. Nd2 {[%clk 0:34:59]} Re8 {[%clk 0:00:52]} 30. e4
{[%clk 0:34:07]} g5 {[%clk 0:01:06]} 31. Nc4 {[%clk 0:32:10]} g4 {[%clk 0:01:05]}
32. Nxb6 {[%clk 0:30:40]} axb6 {[%clk 0:01:08]} 33. Re1 {[%clk 0:30:41]} Rfe7
{[%clk 0:00:57]} 34. Rde3 {[%clk 0:30:50]} gxf3+ {[%clk 0:01:05]} 35. Kxf3
{[%clk 0:31:09]} Rf7+ {[%clk 0:01:00]} 36. Kg2 {[%clk 0:30:59]} Re5
{[%clk 0:01:20]} 37. Rc1 {[%clk 0:29:42]} Kg6 {[%clk 0:01:05]} 38. Rd1
{[%clk 0:29:10]} Rf6 {[%clk 0:01:13]} 39. Rc1 {[%clk 0:27:17]} Rf7
{[%clk 0:01:34]} 40. Rc4 {[%clk 0:57:06]} Kg5 {[%clk 0:30:41]} 41. Rf3
{[%clk 0:56:39]} Rfe7 {[%clk 0:27:24]} 42. Rf4 {[%clk 0:56:12]} b5
{[%clk 0:25:50]} 43. Rd4 {[%clk 0:54:57]} c5 {[%clk 0:19:30]} 44. dxc6
{[%clk 0:53:43]} bxc6 {[%clk 0:19:51]} 45. Kf3 {[%clk 0:53:36]} Rc5
{[%clk 0:10:33]} 46. Rd6 {[%clk 0:44:37]} Rc3+ {[%clk 0:09:57]} 47. Kg2
{[%clk 0:44:56]} Rc2+ {[%clk 0:06:12]} 48. Kh3 {[%clk 0:45:06]} Re5
{[%clk 0:00:46]} 49. Rg4+ {[%clk 0:45:26]} Kh5 {[%clk 0:01:10]} 50. Rh4+
{[%clk 0:45:47]} Kg5 {[%clk 0:01:11]} 51. Rdxh6 {[%clk 0:45:53]} Rxh2+
{[%clk 0:00:34]} 52. Kxh2 {[%clk 0:46:14]} Rxe4 {[%clk 0:01:02]} 53. Rxe4
{[%clk 0:46:29]} 1-0

[Event "MP do lat 18 - dziewczeta"]
[Site "Sypniewo"]
[Date "2022.03.20"]
[Round "2.5"]
[White "Marcinczyk, Monika"]
[Black "Nowak, Roksana"]
[Result "1-0"]
[BlackElo "1669"]
[WhiteElo "1865"]
[LiveChessVersion "1.4.8"]

1. e4 {[%clk 1:30:03]} c5 {[%clk 1:30:54]} 2. Nf3 {[%clk 1:30:27]} d6
{[%clk 1:31:21]} 3. d4 {[%clk 1:30:51]} cxd4 {[%clk 1:31:47]} 4. Nxd4
{[%clk 1:31:16]} Nf6 {[%clk 1:32:11]} 5. Nc3 {[%clk 1:31:37]} a6 {[%clk 1:32:37]}
6. Be2 {[%clk 1:31:59]} e5 {[%clk 1:32:31]} 7. Nb3 {[%clk 1:32:21]} Be7
{[%clk 1:32:55]} 8. Be3 {[%clk 1:32:40]} O-O {[%clk 1:33:05]} 9. g4
{[%clk 1:32:49]} Be6 {[%clk 1:31:45]} 10. g5 {[%clk 1:32:52]} Ne8
{[%clk 1:27:43]} 11. Qd2 {[%clk 1:27:29]} Nd7 {[%clk 1:22:58]} 12. Nd5
{[%clk 1:17:42]} Bxd5 {[%clk 1:19:54]} 13. exd5 {[%clk 1:18:00]} Nb6
{[%clk 1:13:37]} 14. O-O-O {[%clk 1:14:59]} Rc8 {[%clk 1:09:03]} 15. Na5
{[%clk 1:04:42]} Qc7 {[%clk 1:07:26]} 16. Bg4 {[%clk 0:58:06]} Rb8
{[%clk 1:02:22]} 17. Qb4 {[%clk 0:54:28]} Bd8 {[%clk 0:55:08]} 18. Kb1
{[%clk 0:48:20]} Nd7 {[%clk 0:51:40]} 19. Nb3 {[%clk 0:45:46]} b5
{[%clk 0:46:41]} 20. Qe4 {[%clk 0:33:22]} Nb6 {[%clk 0:42:20]} 21. h4
{[%clk 0:29:52]} Qc4 {[%clk 0:40:12]} 22. Qg2 {[%clk 0:27:54]} Na4
{[%clk 0:27:54]} 23. h5 {[%clk 0:22:45]} Nc7 {[%clk 0:21:42]} 24. Bf5
{[%clk 0:20:00]} Ne8 {[%clk 0:17:26]} 25. g6 {[%clk 0:18:45]} Kh8
{[%clk 0:12:31]} 26. h6 {[%clk 0:16:55]} fxg6 {[%clk 0:09:20]} 27. hxg7+
{[%clk 0:17:12]} 1-0

[Event "MP do lat 18 - dziewczeta"]
[Site "Sypniewo"]
[Date "2022.03.20"]
[Round "2.6"]
[White "Kieca, Aleksandra"]
[Black "Kroliczek, Gabriela"]
[Result "0-1"]
[BlackElo "1823"]
[WhiteElo "1696"]
[LiveChessVersion "1.4.8"]

1. e4 {[%clk 1:30:56]} e6 {[%clk 1:30:58]} 2. d4 {[%clk 1:31:17]} d5
{[%clk 1:31:25]} 3. Nc3 {[%clk 1:31:30]} dxe4 {[%clk 1:31:51]} 4. Nxe4
{[%clk 1:31:51]} Nf6 {[%clk 1:32:19]} 5. Bg5 {[%clk 1:26:54]} Be7
{[%clk 1:31:58]} 6. Nc3 {[%clk 1:10:38]} a6 {[%clk 1:26:28]} 7. Nf3
{[%clk 1:05:56]} Nbd7 {[%clk 1:25:23]} 8. Bd3 {[%clk 1:00:34]} c5
{[%clk 1:20:55]} 9. O-O {[%clk 0:52:42]} O-O {[%clk 1:16:18]} 10. Ne4
{[%clk 0:41:39]} Qb6 {[%clk 0:53:25]} 11. dxc5 {[%clk 0:25:06]} Qxb2
{[%clk 0:41:01]} 12. Qe2 {[%clk 0:24:16]} Qa3 {[%clk 0:34:44]} 13. Nfd2
{[%clk 0:19:20]} Qa4 {[%clk 0:25:36]} 14. Nb3 {[%clk 0:17:55]} h6
{[%clk 0:16:37]} 15. Bh4 {[%clk 0:11:40]} g5 {[%clk 0:13:01]} 16. Bg3
{[%clk 0:10:55]} Nxe4 {[%clk 0:13:27]} 17. Bxe4 {[%clk 0:09:13]} Nxc5
{[%clk 0:13:21]} 18. Nxc5 {[%clk 0:09:13]} Bxc5 {[%clk 0:13:48]} 19. Bd3
{[%clk 0:09:36]} Bd4 {[%clk 0:10:54]} 20. Rad1 {[%clk 0:07:39]} Bg7
{[%clk 0:11:10]} 21. f4 {[%clk 0:07:27]} Qa5 {[%clk 0:05:04]} 22. fxg5
{[%clk 0:02:44]} Qxg5 {[%clk 0:05:32]} 23. Bf4 {[%clk 0:03:05]} Qc5+
{[%clk 0:03:23]} 24. Kh1 {[%clk 0:03:22]} e5 {[%clk 0:03:04]} 25. Qh5
{[%clk 0:02:14]} Qb6 {[%clk 0:00:34]} 26. Bc1 {[%clk 0:01:34]} Qc6
{[%clk 0:00:36]} 27. Ba3 {[%clk 0:01:41]} Be6 {[%clk 0:00:32]} 28. Bxf8
{[%clk 0:02:00]} Rxf8 {[%clk 0:00:59]} 29. Qe2 {[%clk 0:02:12]} Qc8
{[%clk 0:00:57]} 30. a3 {[%clk 0:01:45]} b5 {[%clk 0:01:03]} 31. Rde1
{[%clk 0:01:48]} Qc5 {[%clk 0:00:39]} 32. Qe3 {[%clk 0:01:39]} Qc7
{[%clk 0:00:36]} 33. Rf2 {[%clk 0:01:00]} f5 {[%clk 0:00:41]} 34. Qh3
{[%clk 0:01:04]} Qd7 {[%clk 0:00:35]} 35. Bf1 {[%clk 0:00:46]} e4
{[%clk 0:00:36]} 36. Qg3 {[%clk 0:00:37]} Kh8 {[%clk 0:00:35]} 37. Qg6
{[%clk 0:00:36]} Rf6 {[%clk 0:00:34]} 38. Qh5 {[%clk 0:00:48]} Bf7
{[%clk 0:00:32]} 39. Qd1 {[%clk 0:01:06]} Rd6 {[%clk 0:00:44]} 40. Qc1
{[%clk 0:30:56]} Bc3 {[%clk 0:30:59]} 41. Ree2 {[%clk 0:26:23]} Bc4
{[%clk 0:26:25]} 42. Qf4 {[%clk 0:16:49]} Bxe2 {[%clk 0:24:47]} 43. Bxe2
{[%clk 0:17:17]} Bg7 {[%clk 0:18:19]} 44. g4 {[%clk 0:15:00]} e3 {[%clk 0:09:40]}
45. Rf1 {[%clk 0:09:55]} Qe7 {[%clk 0:00:33]} 46. gxf5 {[%clk 0:07:48]} Rf6
{[%clk 0:00:34]} 47. Rf3 {[%clk 0:02:57]} Qxa3 {[%clk 0:00:42]} 48. Bd3
{[%clk 0:02:34]} Qc1+ {[%clk 0:01:09]} 49. Kg2 {[%clk 0:01:34]} Qd2+
{[%clk 0:01:38]} 50. Kg1 {[%clk 0:01:37]} Qd1+ {[%clk 0:00:35]} 51. Rf1
{[%clk 0:00:37]} e2 {[%clk 0:00:52]} 52. Qb8+ {[%clk 0:00:32]} Rf8
{[%clk 0:00:45]} 53. Bxe2 {[%clk 0:00:32]} Qxf1+ {[%clk 0:01:07]} 54. Bxf1
{[%clk 0:00:44]} Rxb8 {[%clk 0:01:34]} 0-1